MARC

LEADER 00000nam0a2200000 4500
001 366559
005 20231102011908.0
035 |a (RuTPU)RU\TPU\retro\23922 
090 |a 366559 
100 |a 20220211d1980 m y0rusy50 ca 
101 0 |a rus 
102 |a RU 
105 |a a z 000zd 
200 1 |a Люди молчаливого подвига. Очерки о разведчиках  |f сост. И. В. Василевич 
205 |a 2-е изд. 
210 |a Москва  |c Политиздат  |d 1980 
215 |a 367 с.  |c ил. 
600 1 |a Зорге  |b Р.  |c российский разведчик, журналист  |f 1895-1944  |g Рихард  |c Герой Советского Союза  |2 stltpush  |3 (RuTPU)RU\TPU\pers\24876 
606 1 |a Разведка и контрразведка в Великой Отечественной войне 1941-1945  |2 stltpush  |3 (RuTPU)RU\TPU\subj\66646  |9 82697 
610 1 |a разведчики 
610 1 |a разведывательная деятельность 
610 1 |a подпольщики 
610 1 |a очерки 
610 1 |a героизм 
610 1 |a подвиги 
610 1 |a патриоты- интернационалисты 
686 |a Т3(2)622-35Ц2  |v LBC/SL-A  |2 rubbk 
702 1 |a Василевич  |b И. В.  |4 220 
801 1 |a RU  |b 63413507  |c 20220211 
942 |c BK